1671 1613 1738 1962 1823 1930 1780 1486 1789 1129 1964 1847 1740 1667 1548 1755 1552 1436 1570 1915 1740 1237 1195 1935 1498 1300 1673 1716 1298 1640 1990 1065 1762 1832 1899 1724 1591 1158 1684 1769 1156 1643 1215 1241 1740 1361 1275 1270 1929 1368 1849 1466 1052 1225 1717 1918 1062 1702 1919 1792 1824 1388 1580 1136 1761 1335 1596 1048 1425 1385 1267 1014 1864 1608 1660 1441 1554 1583 1487 1642 1223 1858 1779 1469 1179 1345 1157 1777 1076 1803 1786 1220 1071 1473 1523 1807 1091 1567 1570 BCNSPRNW ULIB Ver.6.0+V

เปลี่ยนเป็นภาษาไทย

Change to English
 แสดงรายละเอียดบรรณานุกรม
  กลับหน้าหลัก

Brief Record : Get Marc (ISO 2709) : E-mail record : QR code < ปิดหน้าต่าง
LEADER : 00000nam 2200000uu 4500
001    13399121133
003     ULIB
008    020711s2547 th a 000 0 tha d
050  4 LB^bท328ร
100    ทองอินทร์ วงศ์โส
245    ระบบและกลไกการประกันคุณภาพอุดมศึกษาในสหราชอาณาจักร/^cทองอินทร์ วงศ์โสธร,พรชัย มงคลวนิชและส.วาสนา ประวาลพฤกษ์
250    พิมพ์ครั้งที่ 1
260     ^bม.ป.ท.,^c2547
300    33 หน้า
945    ^p0^l0^i12617
945    ^p0^l0^i12618
999    ^aทศพร เกษรทอง
รายการนี้ยังไม่มีแท็ก
คุณยังไม่ได้ล็อกอิน คุณสามารถมีกิจกรรมร่วมกับเว็บไซต์ได้ แต่ต้องล็อกอินก่อน ::
  ล็อกอิน

รายการสื่อสารสนเทศ

ลำดับที่ ประเภท เลขเรียก/บาร์โค้ด สถานที่ สถานะ
1. วิทยาศาสตร์การแพทย์ และสุขภาพ
วิทยาศาสตร์การแพทย์ และสุขภาพ
LB ท328ร  
  Barcode: 12617
ห้องสมุดวิทยาเขตสวรรค์ประชารักษ์
►หนังสือทั่วไป
บนชั้น
2. วิทยาศาสตร์การแพทย์ และสุขภาพ
วิทยาศาสตร์การแพทย์ และสุขภาพ
LB ท328ร ฉ.2 
  Barcode: 12618
ห้องสมุดวิทยาเขตสวรรค์ประชารักษ์
►หนังสือทั่วไป
บนชั้น

BibComment


ยังไม่เคยถูกคอมเมนท์

คอมเมนท์ทรัพยากรรายการนี้
  คอมเมนท์: ระบบและกลไกการประ..


 Copyright 2026. Bcnsprnw @Library